Songs from the First Line(s) - 2020 - Statistics

General Stats
  • This quiz has been taken 348 times
  • The average score is 11 of 30
Answer Stats
Hint Answer % Correct
Songs Tastes like strawberries on a summer evenin' / And it sounds just like a song / I want more berries and that summer feelin' / It's so wonderful and warm Artist(s) Harry Styles
88%
Songs Tastes like strawberries on a summer evenin' / And it sounds just like a song / I want more berries and that summer feelin' / It's so wonderful and warm Song Watermelon Sugar
87%
Songs If you wanna run away with me, I know a galaxy / And I can take you for a ride / I had a premonition that we fell into a rhythm Artist(s) Dua Lipa
78%
Songs Common love isn't for us / We created something phenomenal / Don't you agree? / Don't you agree? / You got me feeling diamond rich Artist(s) Dua Lipa
78%
Songs If you wanna run away with me, I know a galaxy / And I can take you for a ride / I had a premonition that we fell into a rhythm Song Levitating
73%
Songs Why you always in a mood? / ****** 'round, actin' brand new / I ain't tryna tell you what to do / But try to play it cool Song Mood
59%
Songs Day to night to morning, keep with me in the moment / I'd let you had I known it, why don't you say so? / Didn't even notice, no punches left to roll with Artist(s) Doja Cat
54%
Songs Day to night to morning, keep with me in the moment / I'd let you had I known it, why don't you say so? / Didn't even notice, no punches left to roll with Song Say So
54%
Songs Ugh, you're a monster / I can swallow a bottle of alcohol and I'll feel like Godzilla / Better hit the deck like the card dealer Artist(s) Eminem / Juice WRLD
50%
Songs Ugh, you're a monster / I can swallow a bottle of alcohol and I'll feel like Godzilla / Better hit the deck like the card dealer Song Godzilla
48%
Songs 'Cause, ah-ah, I'm in the stars tonight / So watch me bring the fire and set the night alight / Shoes on, get up in the morn / Cup of milk, let's rock and roll Artist(s) BTS
41%
Songs Don't stay awake for too long / Don't go to bed / I'll make a cup of coffee for your head / It'll get you up and going out of bed Song Death Bed (Coffee for Your Head)
40%
Songs 'Cause, ah-ah, I'm in the stars tonight / So watch me bring the fire and set the night alight / Shoes on, get up in the morn / Cup of milk, let's rock and roll Song Dynamite
40%
Songs I'm like the water when your ship rolled in that night / Rough on the surface but you cut through like a knife Artist(s) Taylor Swift
37%
Songs Why you always in a mood? / ****** 'round, actin' brand new / I ain't tryna tell you what to do / But try to play it cool Artist(s) 24kGoldn / Iann Dior
35%
Songs Heaven sent you to me / I'm just hoping I don't repeat history / Boy I'm tryna meet your mama / On a Sunday Artist(s) Ariana Grande
32%
Songs Common love isn't for us / We created something phenomenal / Don't you agree? / Don't you agree? / You got me feeling diamond rich Song Physical
28%
Songs Heaven sent you to me / I'm just hoping I don't repeat history / Boy I'm tryna meet your mama / On a Sunday Song Positions
27%
Songs Don't stay awake for too long / Don't go to bed / I'll make a cup of coffee for your head / It'll get you up and going out of bed Artist(s) Powfu / Beabadoobee
27%
Songs I'm like the water when your ship rolled in that night / Rough on the surface but you cut through like a knife Song Willow
21%
Songs Last night, all I think about is you / Don't stop, baby, you can walk through / Don't want, baby, think about you / You know that I'm never gonna lose Song Heat Waves
18%
Songs I should've known / I'd leave alone / Just goes to show / That the blood you bleed is just the blood you owe Artist(s) Billie Eilish
16%
Songs Stop the clocks, it's amazing / You should see the way the light dances off your hair / A million colours of hazel, golden and red Artist(s) Ed Sheeran
16%
Songs Last night, all I think about is you / Don't stop, baby, you can walk through / Don't want, baby, think about you / You know that I'm never gonna lose Artist(s) Glass Animal
16%
Songs Maybe you don't like talking too much about yourself / But you shoulda told me that you were thinking 'bout someone else Artist(s) Tate McRae
11%
Songs Maybe you don't like talking too much about yourself / But you shoulda told me that you were thinking 'bout someone else Song You Broke Me First
11%
Songs I should've known / I'd leave alone / Just goes to show / That the blood you bleed is just the blood you owe Song No Time To Die
10%
Songs Stop the clocks, it's amazing / You should see the way the light dances off your hair / A million colours of hazel, golden and red Song Afterglow
8%
Songs Is it really love, is it all in my mind / Is it crazy I think of you all of the time, baby / Is it really love, can you give me a sign Artist(s) KSI / Craig David / Digital Farm Animals
5%
Songs Is it really love, is it all in my mind / Is it crazy I think of you all of the time, baby / Is it really love, can you give me a sign Song Really Love
5%
No matching quizzes found
Score Distribution
Percent of People with Each Score
Percentile by Number Answered
Your Score History
You have not taken this quiz